Odd Squad Department Logos - Statistics

General Stats
  • This quiz has been taken 25 times
    23 since last reset
  • The average score is 7 of 12
Answer Stats
Picture Answer % Correct
Security
83%
Medical
67%
Investigation (Agents)
58%
Sports
58%
The Big O: Head of Odd Squad
58%
Creature Care/Control
50%
Maintenance/Transportation
50%
Official Odd Squad Seal
50%
Scientist
50%
Management
42%
Odd Sqaud Mobile Unit (OSMU: Season 3)
42%
Task Force
42%
No matching quizzes found
Score Distribution
Percent of People with Each Score
Percentile by Number Answered
Your Score History
You have not taken this quiz since the last reset